[Event "AUTO-MASTER-897"]
[Site "http://www.queenalice.com/game.php?id=647416"]
[Date "2009.9.4"]
[Round "1"]
[White "Alexandrovinsk"]
[Black "Ninaun"]
[Result "0-1"]
[WhiteElo "2153"]
[BlackElo "2141"]

1. d4 d5 2. c4 dxc4 3. Nf3 Nf6 4. Qc2 g6 5. e4 c6 6. Bxc4 Bg7 7. O-O O-O 8. Nc3
Bg4 9. Be3 Bxf3 10. gxf3 Nh5 11. Ne2 Nd7 12. Rad1 Nb6 13. Ng3 Nxc4 14. Qxc4 Nf6
15. Rd3 Qd7 16. Kg2 h5 17. h4 Ne8 18. Rfd1 Nd6 19. Qb3 e6 20. Bf4 Nc8 21. Qc2
Bf6 22. Bg5 Be7 23. f4 Rd8 24. d5 exd5 25. exd5 cxd5 26. Rxd5 Qxd5+ 27. Rxd5
Rxd5 28. Ne4 Rd7 29. Qc3 Nd6 30. Nf6+ Bxf6 31. Qxf6 Re8 32. Qc3 Ne4 33. Qa5 Rd2
34. Bh6 Rxf2+ 35. Kg1 Rxb2 36. Qxa7 Ng3 37. Qa5 Ree2 0-1

[Event "AUTO-MASTER-897"]
[Site "http://www.queenalice.com/game.php?id=647417"]
[Date "2009.9.4"]
[Round "1"]
[White "Ninaun"]
[Black "Alexandrovinsk"]
[Result "1/2-1/2"]
[WhiteElo "2049"]
[BlackElo "2118"]

1. e4 e6 2. d4 d5 3. exd5 exd5 4. Bd3 Bd6 5. Nf3 Nc6 6. Bg5 Nge7 7. c3 O-O 8.
O-O f6 9. Bh4 Bf5 10. Re1 Qd7 11. Bg3 Bxg3 12. fxg3 Rae8 13. Na3 a6 14. Nc2 Bxd3
15. Qxd3 Qf5 16. Rad1 Qxd3 17. Rxd3 Nf5 18. g4 Nd6 19. Rde3 Rxe3 20. Nxe3 Ne7
21. Nh4 c6 22. Nef5 Nexf5 23. Nxf5 Nxf5 24. gxf5 Kf7 25. Kf2 Re8 26. Rxe8 Kxe8
27. g4 Kd7 1/2-1/2

[Event "AUTO-MASTER-897"]
[Site "http://www.queenalice.com/game.php?id=647426"]
[Date "2009.9.4"]
[Round "1"]
[White "carlosfed"]
[Black "Ninaun"]
[Result "0-1"]
[WhiteElo "2000"]
[BlackElo "1978"]

1. e4 e5 2. Nf3 Nc6 3. Bc4 Bc5 4. a3 Nf6 5. d3 d6 6. Nc3 Bg4 7. Bg5 Nd4 8. Nd5
Nxf3+ 9. gxf3 Bh3 10. Nxf6+ gxf6 11. Bh6 Rg8 12. f4 Rg2 13. Bxf7+ Ke7 14. Qh5
Bxf2+ 15. Kd2 Bg4 16. Bf8+ Qxf8 17. Qxh7 Qxf7 18. Qh6 Bg3+ 19. Kc3 Bxf4 20. Qh4
d5 21. Rhg1 d4+ 22. Kb4 a5+ 23. Ka4 Bd7# 0-1

[Event "AUTO-MASTER-897"]
[Site "http://www.queenalice.com/game.php?id=647427"]
[Date "2009.9.4"]
[Round "1"]
[White "Ninaun"]
[Black "carlosfed"]
[Result "1-0"]
[WhiteElo "2058"]
[BlackElo "1969"]

1. e4 e5 2. Nf3 Nf6 3. Nxe5 d6 4. Nf3 Nxe4 5. d4 d5 6. Bd3 Bf5 7. O-O Bd6 8. Bg5
Be7 9. Bxe7 Qxe7 10. Nbd2 O-O 11. Re1 Nc6 12. c3 Rae8 13. Nxe4 dxe4 14. Nd2 Qh4
15. g3 Qh3 16. Bxe4 Bg4 17. Bf3 Rxe1+ 18. Qxe1 Bd7 19. Bg2 Qh6 20. Nc4 Bh3 21.
Qe3 Qxe3 22. fxe3 Bd7 23. e4 Ne7 24. e5 Ng6 25. Bxb7 Rb8 26. Bd5 Rb5 27. Be4 Ne7
28. b3 Nd5 29. Bxd5 Rxd5 30. Kf2 Bh3 31. Ke2 g5 32. Rg1 Bg4+ 33. Kd2 Be6 34. Kc2
h5 35. Rf1 Kf8 36. Rf6 h4 37. g4 Bxg4 38. Ne3 Ra5 39. Nxg4 Rxa2+ 40. Kd3 Rg2 41.
Nh6 Rxh2 42. Rxf7+ Ke8 43. Rg7 Rg2 44. e6 h3 45. e7 h2 46. Nf5 h1=Q 47. Rg8+ Kf7
48. e8=Q+ Kf6 49. Qg6# 1-0

[Event "Bob F X Garry Kasparov"]
[Site "http://www.queenalice.com/game.php?id=660314"]
[Date "2009.10.6"]
[Round "-"]
[White "Ninaun"]
[Black "Incognita"]
[Result "1-0"]
[WhiteElo "2188"]
[BlackElo "1651"]

1. Nf3 d5 2. d4 Bf5 3. c4 c6 4. Nc3 e6 5. Bf4 Nd7 6. e3 Be7 7. cxd5 exd5 8. Rc1
Ngf6 9. Qb3 Nb6 10. Be2 O-O 11. O-O Nh5 12. Bg3 Nxg3 13. hxg3 g6 14. Rfe1 1-0

[Event "Let's Play Chess!"]
[Site "http://www.queenalice.com/game.php?id=663909"]
[Date "2009.10.7"]
[Round "-"]
[White "PunditJi"]
[Black "Ninaun"]
[Result "1-0"]
[WhiteElo "2211"]
[BlackElo "2185"]

1. e4 e5 2. Nf3 Nc6 3. Bc4 Bc5 4. c3 Nf6 5. d4 exd4 6. cxd4 Bb4+ 7. Bd2 Bxd2+ 8.
Nbxd2 d5 9. exd5 Nxd5 10. Qb3 Nce7 11. O-O O-O 12. Rfe1 c6 13. Rac1 Nb6 14. Bd3
Ned5 15. Qc2 g6 16. Qb3 Be6 17. Qa3 Re8 18. Ne4 Bf5 19. Nd6 Rxe1+ 20. Rxe1 Be6
21. Nxb7 Qc7 22. Nc5 Bc8 23. Re8+ Kg7 24. Ne6+ Bxe6 25. Qf8+ 1-0

[Event "Let's Play Chess!"]
[Site "http://www.queenalice.com/game.php?id=664459"]
[Date "2009.10.8"]
[Round "-"]
[White "Matrim"]
[Black "Ninaun"]
[Result "0-1"]
[WhiteElo "2110"]
[BlackElo "2165"]

1. d4 d5 2. Bf4 Nf6 3. e3 Bf5 4. Bd3 e6 5. Bxf5 exf5 6. Nf3 Nbd7 7. Nbd2 g6 8.
Ne5 Bg7 9. Ndf3 Nh5 10. Bg3 Nxg3 11. hxg3 Qe7 12. Nxd7 Kxd7 13. Qd2 b6 14. O-O-O
Rad8 15. Qd3 Kc8 16. Qa6+ Kb8 17. Rd3 h6 18. Ra3 c6 19. Ne5 Bxe5 20. dxe5 d4 21.
Rh4 dxe3 22. fxe3 Rd7 23. Rd4 Rhd8 24. Rxd7 Rxd7 25. Rc3 Qxe5 26. Rxc6 Qxe3+ 0-1

[Event "Let's Play Chess!"]
[Site "http://www.queenalice.com/game.php?id=664778"]
[Date "2009.10.9"]
[Round "-"]
[White "Ninaun"]
[Black "mat95"]
[Result "1-0"]
[WhiteElo "2182"]
[BlackElo "1901"]

1. d4 Nf6 2. c4 c5 3. d5 b5 4. cxb5 a6 5. bxa6 Bxa6 6. Nc3 d6 7. Nf3 g6 8. g3
Bg7 9. Bg2 Nbd7 10. O-O O-O 11. Re1 Qc7 12. e4 Rfb8 13. Rb1 Bc8 14. b3 Ba6 15.
Bb2 Ng4 16. Nd2 Nge5 17. Nf3 Nxf3+ 18. Bxf3 Ne5 19. Be2 Qb7 20. Na4 Bb5 21. Bxb5
Qxb5 22. Bxe5 Bxe5 23. Qe2 Qb7 24. Rec1 Qb4 25. Qc2 Bd4 26. Kg2 e6 27. dxe6 fxe6
28. Qc4 Qxc4 29. Rxc4 Rf8 30. f3 Rac8 31. Rbc1 d5 32. exd5 exd5 33. R4c2 Be3 34.
Re1 d4 35. Rc4 Rf5 36. Re2 Kg7 37. b4 Ra8 38. Nxc5 Kf7 39. a4 1-0

[Event "Let's Play Chess!"]
[Site "http://www.queenalice.com/game.php?id=692708"]
[Date "2009.12.4"]
[Round "-"]
[White "technicaldraw"]
[Black "Ninaun"]
[Result "1-0"]
[WhiteElo "2041"]
[BlackElo "2201"]

1. e4 e5 2. Nf3 Nc6 3. Bb5 a6 4. Bxc6 dxc6 5. O-O Bg4 6. h3 h5 7. d3 Qf6 8. Nbd2
Ne7 9. Nc4 Bxf3 10. Qxf3 Qxf3 11. gxf3 Ng6 12. Rd1 Rd8 13. Kf1 Bc5 14. Be3 Bd4
15. c3 Bxe3 16. fxe3 c5 17. Kf2 Ke7 18. Na5 Rb8 19. Rac1 Ke6 20. d4 Rhd8 21.
dxc5 Ne7 22. b4 b6 23. cxb6 cxb6 24. Nb3 f6 25. c4 Nc6 26. a3 h4 27. f4 Rb7 28.
f5+ Ke7 29. Rxd8 Nxd8 30. c5 bxc5 31. Nxc5 Ra7 32. Kf3 Kf7 33. Kg4 g5 34. fxg6+
Kxg6 35. Kxh4 Nf7 36. Kg3 Rc7 37. h4 Nd6 38. Kf3 Kh5 39. Rg1 a5 40. Ne6 Rc4 41.
Rg4 axb4 42. axb4 Rxb4 43. Ng7+ Kh6 44. Nf5+ Nxf5 45. exf5 Rb6 46. Rg8 Kh7 47.
Rg6 Ra6 48. e4 Ra3+ 49. Kg4 Ra6 50. h5 1-0

[Event "Let's Play Chess!"]
[Site "http://www.queenalice.com/game.php?id=692709"]
[Date "2009.12.4"]
[Round "-"]
[White "Ninaun"]
[Black "technicaldraw"]
[Result "1-0"]
[WhiteElo "2188"]
[BlackElo "2088"]

1. e4 c5 2. Nf3 d6 3. d4 cxd4 4. Nxd4 Nf6 5. Nc3 a6 6. Bg5 e6 7. f4 Qb6 8. Nb3
Be7 9. Qd4 Qc7 10. Bd3 Nc6 11. Qf2 Ng4 12. Qf3 Bxg5 13. Qxg4 Bf6 14. Nd1 g6 15.
c3 Bg7 16. O-O O-O 17. f5 Ne5 18. Qg3 Qb6+ 19. Kh1 Nxd3 20. Qxd3 exf5 21. Nf2
fxe4 22. Nxe4 Bf5 23. Qxd6 Qxd6 24. Nxd6 Bc2 25. Nc5 Rad8 26. Ncxb7 Rd7 27. Rf2
Be5 28. Rxc2 Bxd6 29. Nxd6 Rxd6 30. Re1 Rfd8 31. Rce2 Kg7 32. Kg1 Rb6 33. b3 Rd3
34. c4 a5 35. Rc2 1-0

[Event "AUTO-MASTER-897"]
[Site "http://www.queenalice.com/game.php?id=718384"]
[Date "2010.1.22"]
[Round "2"]
[White "Ninaun"]
[Black "kronsteen"]
[Result "0-1"]
[WhiteElo "2161"]
[BlackElo "2161"]

1. e4 e5 2. Nf3 Nc6 3. Bc4 Bc5 4. c3 Nf6 5. d4 exd4 6. cxd4 Bb4+ 7. Bd2 Bxd2+ 8.
Nbxd2 d5 9. exd5 Nxd5 10. O-O O-O 11. h3 Nb6 12. Rc1 Nxd4 13. Nxd4 Qxd4 14. Nf3
Qxb2 15. Bb3 c6 16. Re1 Qf6 17. Qe2 a5 18. Qe7 Qxe7 19. Rxe7 a4 20. Bc2 Nd5 21.
Re5 Bd7 22. Be4 Nf6 23. Bc2 Be6 24. a3 Rfd8 25. Ng5 Bd5 26. Re7 h6 0-1

[Event "AUTO-MASTER-897"]
[Site "http://www.queenalice.com/game.php?id=718385"]
[Date "2010.1.22"]
[Round "2"]
[White "kronsteen"]
[Black "Ninaun"]
[Result "1-0"]
[WhiteElo "2157"]
[BlackElo "2178"]

1. d4 d5 2. c4 c6 3. Nf3 Nf6 4. Nc3 Bf5 5. cxd5 cxd5 6. Qb3 b6 7. Bg5 e6 8. e4
dxe4 9. Bb5+ Nbd7 10. Ne5 Be7 11. Bxf6 Bxf6 12. Nxd7 1-0

[Event "AUTO-MASTER-897"]
[Site "http://www.queenalice.com/game.php?id=718386"]
[Date "2010.1.22"]
[Round "2"]
[White "Ninaun"]
[Black "deltaboy"]
[Result "0-1"]
[WhiteElo "2149"]
[BlackElo "2282"]

1. e4 e5 2. Nf3 Nf6 3. Nxe5 d6 4. Nf3 Nxe4 5. Bc4 d5 6. Bb3 Be7 7. d4 O-O 8. Bf4
Nc6 9. O-O Bg4 10. Nbd2 Nxd2 11. Qxd2 Bf6 12. Ne5 Bf5 13. Nxc6 bxc6 14. Rfe1 a5
15. c3 Be7 16. Ba4 Bd7 17. Bxc7 Bg5 18. Bf4 h6 19. Bxg5 hxg5 20. Re3 f5 21. Rae1
Qf6 22. Re7 Rf7 23. Qe3 Rxe7 24. Qxe7 Re8 25. Qxe8+ Bxe8 26. Rxe8+ Kh7 27. Re5
g6 28. Kf1 g4 29. Bb3 Kh6 30. Re8 f4 31. Bc2 Kg7 32. Bd1 Qh4 33. h3 gxh3 34.
gxh3 Qxh3+ 35. Ke1 g5 36. Re5 Kf6 37. f3 Qg2 38. Be2 Qh1+ 39. Kd2 a4 40. Kc2 Qg2
41. Kd1 c5 42. Rxd5 g4 43. Rd6+ Ke7 44. Rg6 gxf3 0-1

[Event "AUTO-MASTER-897"]
[Site "http://www.queenalice.com/game.php?id=718387"]
[Date "2010.1.22"]
[Round "2"]
[White "deltaboy"]
[Black "Ninaun"]
[Result "1-0"]
[WhiteElo "2272"]
[BlackElo "2141"]

1. g3 d5 2. Bg2 e5 3. d3 Bc5 4. e3 Nc6 5. Ne2 Nf6 6. O-O O-O 7. Nd2 Bf5 8. Re1
Re8 9. Nf1 Qd7 10. c3 a5 11. d4 exd4 12. exd4 Bb6 13. Ne3 Bg6 14. Nf4 Ne7 15. a4
c6 16. Nxg6 Nxg6 17. Bd2 Bc7 18. f3 Re7 19. Qc2 Rae8 20. Nf5 Rxe1+ 21. Rxe1 Ne7
22. Bh3 Nxf5 23. Rxe8+ Qxe8 24. Bxf5 Qe2 25. Qd3 Qd1+ 26. Kg2 Qxa4 27. Bg5 h6
28. Bc1 Qc4 29. Qxc4 dxc4 30. Bc8 b5 31. Bb7 b4 32. Bxc6 bxc3 33. bxc3 Bd6 34.
Kf2 Kf8 35. Bb2 Ke7 36. Bb5 Nd7 37. Bxc4 a4 38. Ke3 Nb6 39. Ba2 a3 40. Ba1 f6
41. Bb3 Kd7 42. f4 Kc6 43. c4 Bb4 44. f5 Nc8 45. Ba4+ Kd6 46. Ke4 Nb6 47. c5+
Bxc5 48. dxc5+ Kxc5 49. Bd4+ 1-0

[Event "Challenge"]
[Site "http://www.queenalice.com/game.php?id=736832"]
[Date "2010.2.24"]
[Round "-"]
[White "Ninaun"]
[Black "KLEOJ"]
[Result "0-1"]
[WhiteElo "2133"]
[BlackElo "2141"]

1. e4 Nc6 2. Nf3 d5 3. exd5 Qxd5 4. Nc3 Qa5 5. Bc4 Nf6 6. O-O Bg4 7. h3 Bh5 8.
Re1 O-O-O 9. d3 Ne5 10. Rxe5 Bxf3 11. Rxa5 Bxd1 12. Nxd1 e6 13. Rxa7 Kb8 14. Be3
Nd5 15. Bxd5 exd5 16. Ra4 Bd6 17. b4 b5 18. Ra5 c6 19. c3 Bc7 20. Ra3 Rhe8 21.
Rb3 d4 22. Bxd4 Re1# 0-1

[Event "Challenge"]
[Site "http://www.queenalice.com/game.php?id=737465"]
[Date "2010.2.25"]
[Round "-"]
[White "GOrwell"]
[Black "Ninaun"]
[Result "1-0"]
[WhiteElo "2196"]
[BlackElo "2123"]

1. d4 d5 2. Nf3 Nf6 3. c4 g6 4. Bg5 Bg7 5. e3 O-O 6. Nc3 c6 7. Bd3 dxc4 8. Bxc4
Nbd7 9. O-O Re8 10. Qb3 e6 11. Rac1 h6 12. Bh4 Nb6 13. Bd3 Nbd5 14. Rfd1 Qb6 15.
Nd2 Bd7 16. Na4 Qxb3 17. Nxb3 b6 18. Bg3 Rac8 19. e4 Nb4 20. Bb1 c5 21. Nc3 cxd4
22. Nxd4 Red8 23. a3 Nc6 24. Ndb5 Ne8 25. f4 a6 26. Nd6 Nxd6 27. Rxd6 Be8 28.
Rxd8 Rxd8 29. Be1 Nd4 30. Kf2 Nb3 31. Rd1 Rxd1 32. Nxd1 Bd4+ 33. Kf3 Ba4 34. Nc3
Nc5 35. b4 Bxc3 36. Bxc3 Bd1+ 37. Ke3 Na4 38. Bd4 Kf8 39. Kd3 Ke7 40. Ba2 b5 41.
h3 g5 42. Kd2 Bh5 43. g4 Bg6 44. f5 exf5 45. exf5 Bh7 46. Bd5 h5 47. Bb7 1-0

[Event "Challenge"]
[Site "http://www.queenalice.com/game.php?id=751576"]
[Date "2010.3.25"]
[Round "-"]
[White "Ninaun"]
[Black "KLEOJ"]
[Result "1/2-1/2"]
[WhiteElo "2118"]
[BlackElo "2083"]

1. e4 Nc6 2. Nf3 d5 3. exd5 Qxd5 4. Nc3 Qa5 5. Bc4 Nf6 6. d3 Bg4 7. h3 Qh5 8.
O-O Bxf3 9. Qxf3 Qxf3 10. gxf3 e6 11. Bb5 O-O-O 12. Bxc6 bxc6 13. Bg5 h6 14. Be3
Kb8 15. Ne4 Nd5 16. Kg2 f5 17. Nc3 Nxe3+ 18. fxe3 e5 19. a3 Bc5 20. Nd1 g5 21.
b4 Bb6 22. c4 c5 23. Rb1 Kc8 24. Rb3 Rd6 25. Rf2 f4 26. bxc5 Bxc5 27. Rfb2 Kd7
28. Kf2 Rf8 29. Rb5 fxe3+ 30. Nxe3 Bd4 31. Re2 h5 32. Kg2 Rdf6 33. Nc2 Bc3 34.
Rb3 Bd4 35. Rb5 Bc3 36. Rb3 Bd4 1/2-1/2

[Event "AUTO-OPEN-1674"]
[Site "http://www.queenalice.com/game.php?id=752204"]
[Date "2010.3.27"]
[Round "2"]
[White "Ninaun"]
[Black "robinud"]
[Result "1-0"]
[WhiteElo "2115"]
[BlackElo "1799"]

1. e4 e5 2. Nf3 Nc6 3. Bc4 h6 4. d4 d6 5. dxe5 Be6 6. Bd5 Nxe5 7. Nxe5 dxe5 8.
Bxb7 Qxd1+ 9. Kxd1 Rd8+ 10. Ke1 Bb4+ 11. c3 Ba5 12. Na3 Nf6 13. Be3 Bb6 14. Bxb6
axb6 15. Nb5 O-O 16. Nxc7 Bc4 17. b3 Bd3 18. Nd5 Nxd5 19. exd5 e4 20. c4 b5 21.
Rc1 bxc4 22. bxc4 Rb8 23. Bc6 Rfc8 24. Bb5 f5 25. Kd2 Ra8 26. a4 g5 27. Rc3 Kf8
28. Rhc1 Rc5 29. d6 Kf7 30. d7 Ke7 31. f3 h5 32. fxe4 fxe4 33. Re1 h4 34. Rxd3
1-0

[Event "AUTO-OPEN-1674"]
[Site "http://www.queenalice.com/game.php?id=752205"]
[Date "2010.3.27"]
[Round "2"]
[White "robinud"]
[Black "Ninaun"]
[Result "0-1"]
[WhiteElo "1801"]
[BlackElo "2117"]

1. e4 e5 2. Nf3 Nc6 3. Bc4 Bc5 4. c3 Nf6 5. d3 d6 6. O-O Bg4 7. Nbd2 O-O 8. h3
Bh5 9. b4 Bb6 10. Qb3 a6 11. Ng5 h6 12. Ngf3 Qd7 13. a4 Rfd8 14. a5 Ba7 15. Re1
Ne7 16. Nh2 c5 17. b5 axb5 18. Bxb5 Nc6 19. Bxc6 Qxc6 20. Ndf3 b6 21. axb6 Bxb6
22. Bb2 Rab8 23. Qc4 Nd7 24. Nh4 Kh7 25. Nf5 Bc7 26. Bc1 Nb6 27. Qb3 c4 28. dxc4
Nxc4 29. Qc2 Bb6 30. Ne7 Qb7 31. Nd5 f6 32. Kf1 Bf7 33. Nxb6 Qxb6 34. Be3 Qb5
35. Kg1 Nxe3 36. Rxe3 Bg6 37. c4 Qb4 38. Nf1 Rdc8 39. Nd2 d5 40. Rb1 Qc5 41.
Reb3 Rxb3 42. Qxb3 dxc4 43. Qc3 Qd4 44. Qxd4 exd4 45. f3 c3 0-1

[Event "AUTO-OPEN-1674"]
[Site "http://www.queenalice.com/game.php?id=807197"]
[Date "2010.7.23"]
[Round "3"]
[White "Ninaun"]
[Black "whyBish"]
[Result "1-0"]
[WhiteElo "2129"]
[BlackElo "2011"]

1. e4 c5 2. Nf3 g6 3. Bc4 Bg7 4. O-O Nc6 5. Nc3 d6 6. d3 e6 7. Re1 Nge7 8. Bg5
h6 9. Bh4 g5 10. Bg3 a6 11. a4 Bd7 12. Bxd6 b6 13. Rb1 Ng6 14. Bg3 g4 15. Nd2 h5
16. f3 h4 17. Bf2 g3 18. Be3 gxh2+ 19. Kxh2 Qc7+ 20. Kg1 h3 21. Re2 Nf4 22. g4
Nxe2+ 23. Nxe2 Nd4 24. c3 Nxe2+ 25. Qxe2 b5 26. axb5 axb5 27. Bb3 Bh6 28. Bxh6
Rxh6 29. Qh2 e5 30. Bd5 Raa6 31. d4 cxd4 32. cxd4 f6 33. Nb3 Qb6 34. Nc5 Ra7 35.
Rc1 Rc7 36. b4 Qa7 37. Qb2 exd4 38. Ra1 h2+ 39. Kh1 Bxg4 40. fxg4 Rg7 41. Rxa7
Rxg4 42. Qxd4 Rf4 43. Bf7+ 1-0

[Event "AUTO-OPEN-1674"]
[Site "http://www.queenalice.com/game.php?id=807198"]
[Date "2010.7.23"]
[Round "3"]
[White "whyBish"]
[Black "Ninaun"]
[Result "0-1"]
[WhiteElo "2032"]
[BlackElo "2120"]

1. Nf3 Nc6 2. e4 e5 3. Bb5 a6 4. Ba4 d6 5. O-O Nf6 6. Bxc6+ bxc6 7. d4 exd4 8.
Qxd4 Be7 9. Bg5 Rb8 10. Nbd2 O-O 11. c4 c5 12. Qc3 h6 13. Be3 Ng4 14. Bf4 Re8
15. Rab1 Bb7 16. h3 Bf6 17. Qc2 Ne5 18. b3 Nxf3+ 19. gxf3 Qd7 20. Kg2 Qe7 21.
Rh1 Bd4 22. Nf1 Qf6 23. Bd2 Re6 24. Ng3 Qh4 25. Rbg1 Rg6 26. Qd3 Re8 27. Kf1 Bc8
28. Qe2 f5 29. Be3 Bxe3 30. exf5 Rg5 0-1